000
00252nam a2200097Ia 4500
005
20250424112918.0
008
250424s9999 xx 000 0 und d
300
_a
38 p. : ill. ; 30 cm.
650
_a
Quantity surveying--Nigeria--Periodicals.
942
_c
SR
999
_c
37841
_d
37841